Кн. 4 (Запись № 13585631)

Подробности
000 -МАРКЕР
контрольное поле 01306nam2a2200313 4500
001 - ИДЕНТИФИКАТОР ЗАПИСИ
контрольное поле rc\2883521
005 - ИДЕНТИФИКАТОР ВЕРСИИ
контрольное поле 20110721145501.5
035 ## - ДРУГИЕ СИСТЕМНЫЕ НОМЕРА
Идентификатор записи (NLR Aleph) 007036254
100 ## - ДАННЫЕ ОБЩЕЙ ОБРАБОТКИ
Данные общей обработки 20110721d1932 |||y0rusy50 ca
101 0# - ЯЗЫК РЕСУРСА
Язык текста, звукозаписи и т.д. русский
102 ## - СТРАНА ПУБЛИКАЦИИ ИЛИ ПРОИЗВОДСТВА
Страна публикации Российская Федерация
105 ## - ПОЛЕ КОДИРОВАННЫХ ДАННЫХ: ТЕКСТОВЫЕ МАТЕРИАЛЫ, МОНОГРАФИЧЕСКИЕ
Кодированные данные о монографическом текстовом документе ab z |||||
200 0# - ЗАГЛАВИЕ И СВЕДЕНИЯ ОБ ОТВЕТСТВЕННОСТИ
Основное заглавие Кн. 4
Первые сведения об ответственности Под ред. В.Г. Хименкова
210 ## - ПУБЛИКАЦИЯ, РАСПРОСТРАНЕНИЕ И ДР.
Дата издания, распространения и т.д. 1932
215 ## - ФИЗИЧЕСКАЯ ХАРАКТЕРИСТИКА
Специфическое обозначение материала и объем 119 с., 3 л. табл.
Другие сведения о физической характеристике ил., табл., карт.
300 ## - ОБЩИЕ ПРИМЕЧАНИЯ
Текст примечания Районы: Лотошинский, Емельяновский, Тургиновский ... [и др.]
320 ## - ПРИМЕЧАНИЯ О НАЛИЧИИ В ДОКУМЕНТЕ БИБЛИОГРАФИИ / УКАЗАТЕЛЯ
Текст примечания Библиогр. в конце докладов
327 0# - ПРИМЕЧАНИЯ О СОДЕРЖАНИИ
Текст примечания Авторы: Хименков В. Г, Хименков Ю.В., Завидонова А.Г.
461 #0 - УРОВЕНЬ НАБОРА
Встроенное поле 001rc\2883518
-- 2000#$aГеология и полезные ископаемые районов Московской области$e[Сборник статей] ...$fПод ред. В.Г. Хименкова$vКн. 4
464 #0 - АНАЛИТИЧЕСКИЙ УРОВЕНЬ
Встроенное поле 700#1$aХименков$bЮ.В.$4070
464 #0 - АНАЛИТИЧЕСКИЙ УРОВЕНЬ
Встроенное поле 700#1$aХименков$bВ.Г.$4070
464 #0 - АНАЛИТИЧЕСКИЙ УРОВЕНЬ
Встроенное поле 700#1$aЗавидонова$bА.Г.$4070
702 #1 - ИМЯ ЛИЦА - ВТОРИЧНАЯ ОТВЕТСТВЕННОСТЬ
Начальный элемент ввода Хименков
Часть имени, кроме начального элемента ввода В. Г.
Код отношения Редактор
801 #0 - ИСТОЧНИК ЗАПИСИ
Страна Российская Федерация
Организация NLR
Правила каталогизации psbo
801 #1 - ИСТОЧНИК ЗАПИСИ
Страна Российская Федерация
Организация ELAR
Источник данных rusmarc
852 ## - МЕСТОНАХОЖДЕНИЕ И ШИФР ХРАНЕНИЯ
Идентификатор организации NLR
Шифр хранения (Call Number) 33-18/322
942 ## - ДОПОЛНИТЕЛЬНЫЕ ЭЛЕМЕНТЫ ЗАПИСИ (АБИС)
Тип экземпляра АБИС Книга
980 ## - КОЛЛЕКЦИЯ
Название коллекции Национальная библиография

Нет доступных экземпляров.